| 000 | 01892nam a2200313 a 4500 | ||
|---|---|---|---|
| 001 | BRCA_4979 | ||
| 005 | 20190320204903.0 | ||
| 008 | 271010s1700----mx-######v---#000-0#spa-# | ||
| 041 | _aspa | ||
| 044 | _amx | ||
| 084 |
_aDOC66 _b.D63 _c1700 |
||
| 245 | 1 | 0 |
_aDocumento firmado por el Rey [Carlos II] _c[Carlos II] ; Tomàs Pérez de Guevara. |
| 260 |
_aMadrid _c1700 |
||
| 300 |
_a[78] fojas _c31 x 21 cm. |
||
| 500 | _aDocumento firmado el 10 de marzo de 1700. | ||
| 500 | _aDocumento dirigido a los Virreyes y demás autoridades por la Real Cédula del 28 de junio de 1696, que se tomen cuentas a los Oficiales Reales de las cajas de esas Provincias, de los caudales que encontraron en ellas y deben obrar cada año. Se da cuenta de los gastos de Armadas, Presidios, Sueldos y demás en las cajas de: Guadalajara, Zacatecas, Sombrerete, Durango, San Luis Potosí, Guanajuato, Pachuca, Veracruz, Acapulco, México, Guatemala y Filipinas, abarcándose los renglones de: valor, cargas, lo que sobra y lo que falta. | ||
| 500 | _aFirmado de recibido por Don Tomás Pérez de Guevara. | ||
| 500 | _aContiene sellos con el escudo de la casa de Austria y lemas: ´SELLO QUARTO. UN QUARTILLO. AÑOS DE MIL SEISCIENTOS Y NOVENTA Y NUEVE Y MIL SETECIENTOS´. | ||
| 500 | _aEl documento contiene la leyenda DOC. #76. | ||
| 500 | _aEstado de conservación: contienen manchas por acides de tinta. | ||
| 506 | 0 | _aFondo Reservado. Para su consulta es necesario credencial de usuario y carta de motivos. | |
| 546 | _aTexto en: español de principios del siglo XVIII. | ||
| 600 | 1 | 4 |
_aCarlos _bII, _cRey de España, _d1661-1700 _xHistoria _912674 |
| 650 | 1 | 4 |
_aDocumentos legales _xHistoria _yCasa de Austria, 1516-1700 _zEspaña _912675 |
| 651 | 4 |
_aMéxico _xHistoria _yColonia, 1521-1821 _zManuscrito _912676 |
|
| 700 | 1 |
_aPérez de Guevara, Tomás _912677 |
|
| 902 | _aFDH | ||
| 942 |
_2lcc _cD |
||
| 999 |
_c4673 _d4673 |
||